<?xml version="1.0" encoding="UTF-8"?>
<record
    xmlns:xsi="http://www.w3.org/2001/XMLSchema-instance"
    xsi:schemaLocation="http://www.loc.gov/MARC21/slim http://www.loc.gov/standards/marcxml/schema/MARC21slim.xsd"
    xmlns="http://www.loc.gov/MARC21/slim">

  <leader>00461nam a22001577a 4500</leader>
  <datafield tag="999" ind1=" " ind2=" ">
    <subfield code="c">10440</subfield>
    <subfield code="d">10440</subfield>
  </datafield>
  <controlfield tag="003">OSt</controlfield>
  <controlfield tag="008">210210b           ||||| |||| 00| 0 eng d</controlfield>
  <datafield tag="020" ind1=" " ind2=" ">
    <subfield code="a">9788193891254</subfield>
  </datafield>
  <datafield tag="100" ind1=" " ind2=" ">
    <subfield code="a">Narang , Jasjeet Kaur.  Bakshi, Inderbir Singh and Dogra, Anmol</subfield>
  </datafield>
  <datafield tag="245" ind1=" " ind2=" ">
    <subfield code="a">Text Book of Pharmaceutics-1 Sem 1</subfield>
  </datafield>
  <datafield tag="250" ind1=" " ind2=" ">
    <subfield code="a">1st</subfield>
  </datafield>
  <datafield tag="260" ind1=" " ind2=" ">
    <subfield code="a">New Delhi</subfield>
    <subfield code="b">Paging Pub.</subfield>
    <subfield code="c">2019</subfield>
  </datafield>
  <datafield tag="300" ind1=" " ind2=" ">
    <subfield code="a">333</subfield>
  </datafield>
  <datafield tag="650" ind1=" " ind2=" ">
    <subfield code="a">Pharmaceutics (Dispensing and General Pharmacy</subfield>
  </datafield>
  <datafield tag="942" ind1=" " ind2=" ">
    <subfield code="2">ddc</subfield>
    <subfield code="c">BK</subfield>
    <subfield code="0">38</subfield>
  </datafield>
  <datafield tag="952" ind1=" " ind2=" ">
    <subfield code="0">0</subfield>
    <subfield code="1">0</subfield>
    <subfield code="2">ddc</subfield>
    <subfield code="4">0</subfield>
    <subfield code="7">0</subfield>
    <subfield code="8">BP</subfield>
    <subfield code="a">PIET</subfield>
    <subfield code="b">PIET</subfield>
    <subfield code="d">2021-02-16</subfield>
    <subfield code="e">Kirti Praskshan</subfield>
    <subfield code="f">IN Rupees</subfield>
    <subfield code="g">525.00</subfield>
    <subfield code="k">IN1511</subfield>
    <subfield code="l">12</subfield>
    <subfield code="o">615.19 NAT</subfield>
    <subfield code="p">BP1600</subfield>
    <subfield code="r">2023-11-02 00:00:00</subfield>
    <subfield code="s">2023-10-19</subfield>
    <subfield code="v">367.40</subfield>
    <subfield code="w">2021-02-16</subfield>
    <subfield code="y">BK</subfield>
  </datafield>
  <datafield tag="952" ind1=" " ind2=" ">
    <subfield code="0">0</subfield>
    <subfield code="1">0</subfield>
    <subfield code="2">ddc</subfield>
    <subfield code="4">0</subfield>
    <subfield code="7">0</subfield>
    <subfield code="8">BP</subfield>
    <subfield code="a">PIET</subfield>
    <subfield code="b">PIET</subfield>
    <subfield code="d">2021-02-16</subfield>
    <subfield code="e">Kirti Praskshan</subfield>
    <subfield code="f">IN Rupees</subfield>
    <subfield code="g">525.00</subfield>
    <subfield code="k">IN1511</subfield>
    <subfield code="l">6</subfield>
    <subfield code="o">615.19 NAT</subfield>
    <subfield code="p">BP1601</subfield>
    <subfield code="r">2023-03-04 00:00:00</subfield>
    <subfield code="s">2023-02-27</subfield>
    <subfield code="v">367.40</subfield>
    <subfield code="w">2021-02-16</subfield>
    <subfield code="y">BK</subfield>
  </datafield>
  <datafield tag="952" ind1=" " ind2=" ">
    <subfield code="0">0</subfield>
    <subfield code="1">0</subfield>
    <subfield code="2">ddc</subfield>
    <subfield code="4">0</subfield>
    <subfield code="7">0</subfield>
    <subfield code="8">BP</subfield>
    <subfield code="a">PIET</subfield>
    <subfield code="b">PIET</subfield>
    <subfield code="d">2021-02-16</subfield>
    <subfield code="e">Kirti Praskshan</subfield>
    <subfield code="f">IN Rupees</subfield>
    <subfield code="g">525.00</subfield>
    <subfield code="k">IN1511</subfield>
    <subfield code="l">7</subfield>
    <subfield code="o">615.19 NAT</subfield>
    <subfield code="p">BP1602</subfield>
    <subfield code="r">2023-08-22 00:00:00</subfield>
    <subfield code="s">2023-08-07</subfield>
    <subfield code="v">367.40</subfield>
    <subfield code="w">2021-02-16</subfield>
    <subfield code="y">BK</subfield>
  </datafield>
  <datafield tag="952" ind1=" " ind2=" ">
    <subfield code="0">0</subfield>
    <subfield code="1">0</subfield>
    <subfield code="2">ddc</subfield>
    <subfield code="4">0</subfield>
    <subfield code="7">0</subfield>
    <subfield code="8">BP</subfield>
    <subfield code="a">PIET</subfield>
    <subfield code="b">PIET</subfield>
    <subfield code="d">2021-02-16</subfield>
    <subfield code="e">Kirti Praskshan</subfield>
    <subfield code="f">IN Rupees</subfield>
    <subfield code="g">525.00</subfield>
    <subfield code="k">IN1511</subfield>
    <subfield code="l">7</subfield>
    <subfield code="o">615.19 NAT</subfield>
    <subfield code="p">BP1603</subfield>
    <subfield code="r">2023-07-26 00:00:00</subfield>
    <subfield code="s">2023-07-07</subfield>
    <subfield code="v">367.40</subfield>
    <subfield code="w">2021-02-16</subfield>
    <subfield code="y">BK</subfield>
  </datafield>
  <datafield tag="952" ind1=" " ind2=" ">
    <subfield code="0">0</subfield>
    <subfield code="1">0</subfield>
    <subfield code="2">ddc</subfield>
    <subfield code="4">0</subfield>
    <subfield code="7">0</subfield>
    <subfield code="8">BP</subfield>
    <subfield code="a">PIET</subfield>
    <subfield code="b">PIET</subfield>
    <subfield code="d">2021-02-16</subfield>
    <subfield code="e">Kirti Praskshan</subfield>
    <subfield code="f">IN Rupees</subfield>
    <subfield code="g">525.00</subfield>
    <subfield code="k">IN1511</subfield>
    <subfield code="l">9</subfield>
    <subfield code="o">615.19 NAT</subfield>
    <subfield code="p">BP1604</subfield>
    <subfield code="r">2022-05-26 00:00:00</subfield>
    <subfield code="s">2022-05-18</subfield>
    <subfield code="v">367.40</subfield>
    <subfield code="w">2021-02-16</subfield>
    <subfield code="y">REF</subfield>
  </datafield>
</record>
